Chuyển đến nội dung

Новый исторический вестник, 2005, №2 (13) Журнал

Đã lưu trong:
Chi tiết về thư mục
Định dạng: Журнал
Phiên bản:1
Truy cập trực tuyến:https://znanium.com/catalog/document?id=295689
https://znanium.com/cover/0432/432716.jpg
Các nhãn: Thêm thẻ
Không có thẻ, Là người đầu tiên thẻ bản ghi này!
LEADER 01108nam0a2200241 i 4500
001 RU\infra-m\znanium\bibl\432716
003 https://znanium.com/catalog/document?id=295689
005 20210119000000.0
100 |a 20210119d2013 m y0rusy0150 ca 
101 0 |a rus 
102 |a RU 
200 1 |a Новый исторический вестник, 2005, №2 (13)  |e Журнал 
205 |a 1 
210 1 |a Москва  |c ООО "Издательство Ипполитова"  |d 2005 
215 |a 283 с. 
333 |a Аспирантура 
606 |a История. Исторические науки  |x Общие работы по истории России  |2 local 
608 |a Журнал  |2 local 
675 |a 9447  |z rus 
686 |a 6332  |2 rubbk 
801 0 |a RU  |b Общество с ограниченной ответственностью «ЗНАНИУМ»  |c 20130815  |2 rusmarc 
856 4 |a znanium.com  |m ebs_support@infra-m.ru  |n НИЦ ИНФРА-М  |u https://znanium.com/catalog/document?id=295689 
856 4 1 |a znanium.com  |d /cover/0432  |f 432716.jpg  |q image/jpeg  |u https://znanium.com/cover/0432/432716.jpg